Normal view
MARC view
Entry Topical Term
001 - CONTROL NUMBER
- control field: 18344
003 - CONTROL NUMBER IDENTIFIER
- control field: AUA.1
005 - DATE AND TIME OF LATEST TRANSACTION
- control field: 20111222095009.0
008 - FIXED-LENGTH DATA ELEMENTS
- fixed length control field: 111222|||a|||||| | ||| d
040 ## - CATALOGING SOURCE
- Original cataloging agency: AUA.1
- Transcribing agency: AUA.1
150 ## - HEADING--TOPICAL TERM
- Topical term or geographic name as entry element: Word Biblical commentary;
- Form subdivision: 1 Kings/
- General subdivision: Bible/
- Chronological subdivision: commentaries/
670 ## - SOURCE DATA FOUND
- Source citation: Work cat.: (AUA.1): Devries, Simon J. 18343, Word Biblical commentary;, 1985